| 000 | 00739nac a22002171u 4500 | ||
|---|---|---|---|
| 010 | _a 75015205 | ||
| 020 | _a0815505914 : | ||
| 082 | 0 | 0 |
_a363.6 _bREE |
| 090 |
_c9458 _d9458 |
||
| 100 | _aReed, Alexander W. | ||
| 245 | 1 | 0 |
_aOcean waste disposal practices / _cAlexander W. Reed. |
| 260 |
_aPark Ridge, N.J. : _bNoyes Data Corp.,1975. _cc1975. |
||
| 300 |
_aix, 336 p. : _bill. maps ; _c25 cm. |
||
| 440 | 0 |
_aPollution technology review _v 23; |
|
| 440 | 0 |
_aOcean technology review _v4; |
|
| 500 | _aDistributer: Al-Ahram | ||
| 504 | _aIncludes bibliographical references. | ||
| 511 | _aCatalogued by: Sara | ||
| 650 | 0 |
_aWaste disposal in the ocean _zUnited States. |
|
| 942 |
_cBB _k363.6REE |
||
| 999 |
_c9458 _d9458 |
||